00706nam a2200193 a 450000100100000000500170001000800410002702000150006804000250008310000290010824000370013724500820017426000310025630000210028750000420030850000340035095201110038499900170049500004016520201002033946.0130812s1978 mx 000 0 spa d a9681800869 aDO-SdBNPbspacBNPHU1 aWeiss, Leonard W.96643910aEconomics and societylEspañol10aFundamentos de economía :benfoque económico social /cLeonardo W. Weiss. aMéxico :bLimusa,c1978. a604 p. ;c24 cm. aIncluye notas al pie de las páginas aTraducido del idioma inglés 001054708MOaGRbGRcCTd2013-08-12iLF1l0o p40165-10r2020-06-25w2020-06-25y4ZPréstamo en sala c39655d39655